| 000 | 01028cam a22003014a 4500 | ||
|---|---|---|---|
| 999 |
_c7907 _d7907 |
||
| 001 | 13392766 | ||
| 003 | GBCCL | ||
| 005 | 20241126110639.0 | ||
| 008 | 031103s2003 enkb d 000 0 eng | ||
| 010 | _a 2003279754 | ||
| 020 | _a0195167449 | ||
| 040 |
_aDLC _cDLC _dDLC |
||
| 042 | _apcc | ||
| 050 | 0 | 0 |
_aPE1628 _b.O869 2003 |
| 082 | 0 | 0 |
_a423 _222 _bOXF |
| 245 | 0 | 0 | _aOxford essential business and office dictionary. |
| 250 | _aAmerican ed. | ||
| 260 |
_aOxford ; _aNew York : _bOxford University Press, _cc2003. |
||
| 300 |
_axviii, 1013 p. : _bmaps; _c18 cm. |
||
| 650 | 0 |
_aEnglish language _vDictionaries. _913776 |
|
| 650 | 0 |
_aEnglish language _xBusiness English _vDictionaries. _913777 |
|
| 650 | 0 |
_aOffice practice _vDictionaries. _913778 |
|
| 650 | 0 |
_aBusiness _vDictionaries. _913779 |
|
| 856 | 4 | 2 |
_3Publisher description _uhttp://www.loc.gov/catdir/enhancements/fy0639/2003279754-d.html |
| 906 |
_a7 _bcbc _corignew _d2 _encip _f20 _gy-gencatlg |
||
| 942 |
_2ddc _cREF |
||